|
|
|
|
| LEADER |
00000cam a2200000 7i4500 |
| 001 |
0000019270 |
| 005 |
20080616.0 |
| 008 |
080616 |
| 020 |
|
|
|a 0787657794
|
| 090 |
0 |
0 |
|a 590.3
|b GRZ
|
| 245 |
1 |
0 |
|a Grzimek's animal life encyclopedia, Vol. 3 :
|b insects.
|c Arthur V. Evans, Rosser W. Garrison, Neil Schlager
|
| 250 |
|
|
|a Second ed.
|
| 260 |
|
|
|a Detroit :
|b Thomson Gale ,
|c 2004
|
| 500 |
|
|
|a Include index
|
| 650 |
|
0 |
|a Zoology
|x Encyclopedia
|
| 700 |
1 |
|
|a Evans, Arthur V.
|
| 700 |
1 |
|
|a Garrison, Rosser W.
|
| 700 |
1 |
|
|a Schlager, Neil
|
| 999 |
|
|
|a 0001024497
|b Book
|c REFERENCE
|e Perbadanan Perpustakaan Awam Johor
|